Quiz sur Mario - Statistiques

Statistiques générales
  • Ce quiz a été pris 84 fois
  • Le résultat moyen est 15 sur 18
Statistiques - réponses
Question Réponse % Correct
Plombier à la casquette verte Luigi
100%
Plombier à la casquette rouge Mario
100%
Princesse que le protagoniste doit sauver Peach
99%
Jeu dans lequel on peut conduire une voiture Mario Kart
97%
Homme-champignon habitant dans ce royaume Toad
97%
Principal antagoniste de l'univers Mario Bowser
96%
Singe reconnu pour sa cravate rouge ornée de ses initiales Donkey Kong
94%
Dinosaure vert du monde de Mario Yoshi
94%
Origine de ces deux personnages Italienne
88%
Premier jeu Mario Mario Bros
87%
Entreprise qui a créée la série Super Mario Nintendo
86%
Objet qui permet à celui qui le touche d'être invincible Étoile
85%
Royaume dans lequel évolue cet univers Royaume Champignon
72%
Jeu se déroulant dans l'espace Super Mario Galaxy
72%
Film sorti en 2023 Super Mario Bros., le film
69%
Date de sortie de ce dernier 1983
60%
Jeu sortie en 2017 dans lequel le héros collecte des lunes afin de sauver sa bien-aimée Super Mario Odyssey
59%
Créateur Shigeru Miyamoto
50%
Aucun quiz correspondant
Distribution des résultats
% des personnes avec chaque résultat
Percentile par nombre de réponses
Votre historique - résultats
Vous n’avez pas pris ce quiz